| 000 | 01463nam2a2200241 4500 | ||
|---|---|---|---|
| 001 | RU\NLR\bibl\1467374 | ||
| 005 | 20250616000739.0 | ||
| 021 |
_aRU _b2009-103916 _96619 |
||
| 035 | _a(NLR Aleph) 001459096 | ||
| 090 |
_a1571816 _c1571816 |
||
| 100 | _a20100201d2009 |||y0rusy50 ca | ||
| 101 | 0 | _arus | |
| 102 | _aRU | ||
| 105 | _aa ||||||||| | ||
| 200 | 1 | _a[Развитие абхазской государственности. Основы конституционного строя Республики Абхазия] | |
| 215 | _a412 с., [3] л. цв. ил. | ||
| 461 | 0 |
_1001RU\NLR\bibl\1469518 _12001#$aГосударственное (конституционное) право Республики Абхазия$vТ. 1 _91584630 _aБарциц, И. Н. (1969-) _cМосква _d2009 _fИ.Н. Барциц _nИзд-во РАГС _o[по состоянию на 1 сентября 2009 года с учетом проекта Конституционного закона "О поправках к главам 3,4,5,7 Конституции Республики Абхазия"] : в 2 т. _tГосударственное (конституционное) право Республики Абхазия _y978-5-7729-0455-8 _vТ. 1 |
|
| 517 | 0 | _aОсновы конституционного строя Республики Абхазия | |
| 801 | 0 |
_aRU _bNLR _c20100201 _gRCR |
|
| 801 | 1 |
_aRU _bNLR _c20100201 |
|
| 942 | _cBOOK | ||
| 980 | _aNB | ||